| 000 | 01118nam a2200325 a 4500 | ||
|---|---|---|---|
| 001 | vtls000196508 | ||
| 003 | NLI | ||
| 005 | 20210602113033.0 | ||
| 008 | 101125s1834 nyu 000 d eng | ||
| 020 | _cUSD 2.95 | ||
| 039 | 9 |
_y201011252324 _zVLOAD |
|
| 040 | 0 |
_aNLI _beng _cVERGIS-2010 _eAACR2 |
|
| 041 | 1 |
_aeng _hger |
|
| 044 | _anyu | ||
| 082 | 0 | 4 | _a832.6 |
| 100 | 1 |
_aGoethe, Johann Wolfgang von, _d1749-1832 |
|
| 245 | 1 | 0 |
_aFaust : _ba tragedy / _cJohann Wolfgang von Goethe ; translated [from the German] by Alice Raphael |
| 260 |
_aNew York : _bRinehart, _c1834 |
||
| 300 |
_a210 p. ; _c20 cm. |
||
| 500 | _aPart one | ||
| 600 | 0 | 0 |
_aGoethe, Johann Wolfgang von, _d1749-1832 _tFaust _xCriticism, Textuals _9374464 |
| 650 | 0 |
_aGerman drama _xTranslations into English _9372720 |
|
| 700 | 1 |
_aRaphael, Alice, _4trl _9374465 |
|
| 887 | _a | ||
| 901 |
_a346603 _b25.8.1962 |
||
| 902 | _aE 832.6 G 554 fer | ||
| 942 |
_2ddc _cBKS |
||
| 949 |
_AVIRTUAITEM _D10000 _X100 _6PUR000346603ENG |
||
| 999 |
_aVIRTUA40 _c200089 _d200089 |
||
| 999 | _aVTLSSORT0080*0200*0400*0410*0440*0820*1000*2450*2600*3000*5000*6000*6500*7000*9010*9020*9490*9991 | ||